000 00807nmm a2200265 a 4500
001 ocm000604910
003 TR-IsHL
005 20201028133206.0
008 131121s1995 tu tur
007 cr cn
020 _a9789759591809
035 _a604910
_b(N$T)
050 0 4 _aWS100
_b.P46 1995
090 0 4 _aWS100
_b.P46 1995
100 1 _aPeşkircioğlu, Selahattin
245 1 0 _aÇocuk sağlığında yanlış yorumlar
_h[electronic resource] /
_cSelahattin Peşkircioğlu
260 _aİstanbul :
_bKastaş Yayınevi,
_c1995
300 _a248 p.
650 4 _aTıp
650 4 _aMedicine
650 0 _aPediatri
650 0 _aPediatrics
650 7 _aMEDICAL / Pediatrics
_2bisacsh
856 4 0 _uhttp://search.ebscohost.com/login.aspx?direct=true&scope=site&db=e011xww&AN=604910
999 _c5504
_d5504